header

Arachidonic acid (Record no. 31841)

MARC details
000 -LEADER
fixed length control field 01601nam a2200385 a 4500
245 00 - TITLE STATEMENT
Title Arachidonic acid
260 ## - PUBLICATION, DISTRIBUTION, ETC. (IMPRINT)
Place of publication New York :
Name of publisher Nova Science Publishers, Inc.,
Year of publication 2013.
300 ## - PHYSICAL DESCRIPTION
Number of Pages vi, 255 p. :
Other physical details ill. (some col.).
490 1# - SERIES STATEMENT
Series statement Biochemistry research trends
Series statement Nutrition and diet research progress
500 ## - GENERAL NOTE
General note "Nova biomedical."
505 0# - FORMATTED CONTENTS NOTE
Formatted contents note pt. 1. Dietary sources -- pt. 2. General functions.
650 #0 - SUBJECT ADDED ENTRY--TOPICAL TERM
Topical Term Arachidonic acid.
700 1# - ADDED ENTRY--PERSONAL NAME
Personal name Dumancas, Gerard G.
Personal name Murdianti, Befrika S.
Personal name Lucas, Edralin A.
856 40 - ELECTRONIC LOCATION AND ACCESS
Uniform Resource Identifier http://site.ebrary.com/lib/rucke/Doc?id=10683431

No items available.

© 2026 Rongo University
Contact us: librarian | system librarian | Rongo university